La primera carta a los tesalonicenses
保存先:
| 第一著者: | |
|---|---|
| フォーマット: | 図書 |
| 言語: | スペイン語 |
| 出版事項: |
Pamplona
Verbo Divino
1982
|
| シリーズ: | Cuadernos Bíblicos, 39
|
| 主題: | |
| タグ: |
タグ追加
タグなし, このレコードへの初めてのタグを付けませんか!
|
MARC
| LEADER | 00000nam a2200000 a 4500 | ||
|---|---|---|---|
| 001 | UCL7849 | ||
| 003 | CL-VaPUC | ||
| 008 | 040604e19820000SP |||||||||||||||||spa|d | ||
| 020 | |a 8471513323 | ||
| 082 | 0 | 4 | |a 227.81 |b TRI |2 21 |
| 100 | 0 | |a Trimaille, Michel |e author |9 485760 | |
| 245 | 1 | 3 | |a La primera carta a los tesalonicenses |
| 300 | |a 74 p | ||
| 942 | |c BK | ||
| 945 | |d 20040604 00:00:00 |a cmena | ||
| 260 | |a Pamplona |b Verbo Divino |c 1982 | ||
| 650 | 0 | |a Textos sagrados |9 257605 | |
| 650 | 0 | |a Evangelios |9 314864 | |
| 650 | 0 | |a Epístolas |9 321181 | |
| 583 | |a last modification |c 20130402 08:35:38 |k Rodrigo Vera | ||
| 490 | 0 | |a Cuadernos Bíblicos, 39 | |
| 999 | |c 309407 |d 309405 | ||
| 952 | |0 0 |1 0 |4 0 |6 227_810000000000000_TRI_1982 |7 0 |8 A |9 376844 |a BIBTEO |b BIBTEO |d 2019-11-21 |i 211691K |o 227.81 TRI 1982 |p 211691K |r 2025-01-17 |w 2019-11-21 |y BK |k ICR | ||